Osobnosti Středočeského kraje /

Hlavní autor: Kádnerová, Jiřina, 1943-
Jazyk: Čeština
Vydáno: Praha : Středočeské krajské kulturní středisko, 1987
Témata:
Fyzický popis: 191 s.
Knihy
Uloženo v:
LEADER 00811nam a22002532a 4500
001 000838736
003 CZ BrMZK
005 20070122111045.0
007 ta
008 070122s1987 xr er|||||||||||cze d
015 |a cnb000035433 
035 |a (OCoLC)39417589 
040 |a BOA001  |b cze 
080 9 |a 929 (437.11) 
100 1 |a Kádnerová, Jiřina,  |d 1943-  |7 jk01052493  |4 aut 
245 1 0 |a Osobnosti Středočeského kraje /  |c zpracovala Jiřina Kádnerová 
260 |a Praha :  |b Středočeské krajské kulturní středisko,  |c 1987 
300 |a 191 s. 
504 |a Obsahuje bibliografii 
910 |a BOA001  |b 2-0924.249 
964 |a Osobnosti významné - kraj Středočeský 
990 |a BK 
991 |b 200701 
996 6 |b 2619334013  |c 2-0924.249  |l MZK  |r Sklad / do 1 hodiny  |n 0  |w 000838736  |u 000010  |a 1  |e BOA001  |j MZK50  |s P